00505nam a2200193 a 4500001001300000003000900013005001700022008004100039020002300080082001300103100001700116245003500133260003800168300000800206500003500214505001700249650002800266700001700294nice12345678IN_TiNIC20260116014229.0050524s1998 rama grp 000 0 eng  a8187113 c85000a027bSID aSiddiqi, W H aRampur Raza Library, Monograph aRampurbRampur Raza Libraryc1998 a82p aincludes index and biblioraphy2 aBibliography aManuscripts-Rampur Raza1 aSiddiqi, W H